000 00580nam a2200229Ia 4500
003 OSt
005 20220928103937.0
006 a|||||r|||| 00| 0
007 ta
008 220927b |||||||| |||| 00| 0 eng d
024 _a114588
037 _cTextual
040 _aSDCL
_cSDCL
_beng
041 _2eng
_aeng
082 _aO152,3N11,1, LO
100 _aAjneya
245 0 _aShekhar
_b Ek jeevani.
260 _aAllahabad
_bSaraswati Press
_c1970
300 _a249p.
_ccm.
942 _hO152,3N11,1, LO
_cTEXL
_2CC
999 _c723163
_d723163